00582nam a2200169Ia 4500999001500000020001800015082001900033100002100052245006600073260004500139300001500184504001900199650002800218650003500246942000700281952012400288 c8822d8822 a9780199465927 a307.1416 NAG-N aNagendra, Harini 0aNature in the city: Bengaluru in the past, present and future aNew DelhibOxford University Pressc2016 axvii, 225p aincludes index aCities and townszIndia aUrbanisationzIndiazBengaluru cBK 00104070aNASSDOCbNASSDOCd2017-03-27eOPi2017-03-21l0o307.1416 NAG-Np49106r2019-04-18 00:00:00w2019-04-18yBK